[Event "Suwalki Warakomska Memorial-B 1st"]
[Site "Suwalki"]
[Date "2017.08.11"]
[Round "1"]
[White "Hrymowicz, Artur"]
[Black "Ossolinski, Ziemowit"]
[Result "1-0"]
[WhiteElo "2015"]
[BlackElo "1798"]
[PlyCount "50"]
[EventDate "2017.08.11"]
[EventType "swiss"]
[EventRounds "9"]
[EventCountry "POL"]
[SourceTitle "CBM 180 Extra"]
[Source "ChessBase"]
[SourceDate "2017.10.06"]
[SourceVersion "1"]
[SourceVersionDate "2017.10.06"]
[SourceQuality "1"]

1. e4 c5 2. Nf3 e6 3. d4 cxd4 4. Nxd4 a6 5. c4 Nf6 6. Nc3 Bb4 7. Qd3 d5 8. exd5 exd5 9. Be2 0-0 10. 0-0 h6 11. Bf3 Bxc3 12. Qxc3 dxc4 13. Qxc4 Nbd7 14. Bf4 Nb6 15. Qc5 Nbd7 16. Qc3 Qb6 17. Rac1 a5 18. a3 Re8 19. Bc7 Qa6 20. Rfe1 Nf8 21. Rxe8 Nxe8 22. Be2 Qf6 23. Bxa5 Ng6 24. Qe3 Bd7 25. Bf3 Nd6 1-0

[Event "Bialystok Zamenhof Memorial 35th"]
[Site "Bialystok"]
[Date "2016.12.30"]
[Round "7"]
[White "Kohut, Anna"]
[Black "Hrymowicz, Artur"]
[Result "1-0"]
[WhiteElo "2007"]
[BlackElo "1951"]
[PlyCount "67"]
[EventDate "2016.12.27"]
[EventType "swiss (rapid)"]
[EventRounds "9"]
[EventCountry "POL"]
[SourceTitle "CBM 176 Extra"]
[Source "ChessBase"]
[SourceDate "2017.03.02"]
[SourceVersion "1"]
[SourceVersionDate "2017.03.02"]
[SourceQuality "1"]

1. e4 c5 2. Nf3 d6 3. d4 cxd4 4. Nxd4 Nf6 5. Nc3 a6 6. Be2 e6 7. 0-0 b5 8. a3 Bb7 9. Bd3 Be7 10. Kh1 0-0 11. f4 Nbd7 12. Qe1 Qc7 13. Qg3 Kh8 14. Bd2 Nc5 15. Rae1 d5 16. e5 Nfe4 17. Bxe4 Nxe4 18. Nxe4 dxe4 19. f5 Bc5 20. Nb3 Bb6 21. Bb4 Rfb8 22. fxe6 fxe6 23. c3 Qc4 24. Nc1 Bc5 25. b3 Qd5 26. Ne2 g5 27. Rd1 Qc6 28. Rf7 Rf8 29. Nd4 Qd5 30. Rxf8+ Rxf8 31. Bxc5 Qxc5 32. Nxe6 Qd5 33. Qg4 Rf7 34. h3 1-0

[Event "Bialystok Zamenhof Memorial 35th"]
[Site "Bialystok"]
[Date "2016.12.28"]
[Round "4"]
[White "Hrymowicz, Artur"]
[Black "Kowalski, Igor"]
[Result "0-1"]
[WhiteElo "1951"]
[BlackElo "2129"]
[PlyCount "92"]
[EventDate "2016.12.27"]
[EventType "swiss (rapid)"]
[EventRounds "9"]
[EventCountry "POL"]
[SourceTitle "CBM 176 Extra"]
[Source "ChessBase"]
[SourceDate "2017.03.02"]
[SourceVersion "1"]
[SourceVersionDate "2017.03.02"]
[SourceQuality "1"]

1. e4 c5 2. Nf3 e6 3. d4 cxd4 4. Nxd4 a6 5. c4 Qc7 6. Be3 Nf6 7. Nc3 b6 8. Bd3 Bb7 9. 0-0 d6 10. Rc1 Nbd7 11. f3 Be7 12. Qd2 Rc8 13. b3 0-0 14. Rfd1 Qb8 15. Bf1 Bd8 16. Nc2 Bc7 17. g3 Rfd8 18. Na4 Bc6 19. Nb4 Bb7 20. Qe2 Qa7 21. Bf4 Ne8 22. Bg5 Nef6 23. Bf4 Nc5 24. Nxc5 bxc5 25. Nc2 Ne8 26. Bg2 h6 27. Rd2 Qb8 28. Rcd1 Bc6 29. Bf1 Nf6 30. Be3 Nd7 31. Na3 Ne5 32. Bf4 Ng6 33. Be3 Ba5 34. Rc2 Rf8 35. Bh3 Rce8 36. Bd2 Bc7 37. Bc3 Qb7 38. Rf1 Rd8 39. Rd2 Ne7 40. Nc2 d5 41. exd5 exd5 42. cxd5 Nxd5 43. Ba1 Ba5 44. b4 Nxb4 45. Nxb4 Bxb4 46. Rc2 Ba4 0-1

[Event "Bialystok Zamenhof Memorial 35th"]
[Site "Bialystok"]
[Date "2016.12.27"]
[Round "1"]
[White "Rozycki, Bartlomiej"]
[Black "Hrymowicz, Artur"]
[Result "1-0"]
[WhiteElo "2190"]
[BlackElo "1951"]
[PlyCount "67"]
[EventDate "2016.12.27"]
[EventType "swiss (rapid)"]
[EventRounds "9"]
[EventCountry "POL"]
[SourceTitle "CBM 176 Extra"]
[Source "ChessBase"]
[SourceDate "2017.03.02"]
[SourceVersion "1"]
[SourceVersionDate "2017.03.02"]
[SourceQuality "1"]

1. e4 c5 2. Nf3 d6 3. d4 cxd4 4. Nxd4 Nf6 5. Nc3 a6 6. g3 e5 7. Nb3 Be7 8. Bg2 0-0 9. 0-0 Be6 10. a4 Nbd7 11. Re1 Nc5 12. Nd2 Qa5 13. Nf1 b5 14. Ne3 b4 15. Ncd5 Nxd5 16. exd5 Bd7 17. Nc4 Qc7 18. a5 Rab8 19. Nb6 Bf5 20. Be3 Bf6 21. Qd2 b3 22. Bxc5 Qxc5 23. cxb3 Qb5 24. Bf1 Qxb3 25. Ra3 Qc2 26. Qxc2 Bxc2 27. Nd7 Rxb2 28. Nxf8 Kxf8 29. Bxa6 Bb3 30. Bb7 Bd8 31. Bc6 Bc4 32. a6 Bb6 33. a7 Bxf2+ 34. Kh1 1-0

[Event "World ol U16"]
[Site "Poprad"]
[Date "2016.07.27"]
[Round "6.2"]
[White "Hrymowicz, Artur"]
[Black "Birkisson, Bjorn Holm"]
[Result "1-0"]
[WhiteElo "1744"]
[BlackElo "1977"]
[PlyCount "145"]
[EventDate "2016.07.22"]
[EventType "team-swiss"]
[EventRounds "9"]
[EventCountry "SVK"]
[SourceTitle "EXT 2017"]
[Source "ChessBase"]
[SourceDate "2016.10.25"]
[SourceVersion "1"]
[SourceVersionDate "2016.10.25"]
[SourceQuality "1"]
[WhiteTeam "Poland Warmia Mazury"]
[BlackTeam "Iceland"]
[WhiteTeamCountry "POL"]
[BlackTeamCountry "ISL"]

1. e4 c5 2. Nf3 e6 3. d4 cxd4 4. Nxd4 a6 5. c4 Nf6 6. Nc3 d6 7. Be3 Qc7 8. Be2 Nbd7 9. 0-0 Be7 10. Rc1 b6 11. f3 Bb7 12. Qd2 Rc8 13. Rfd1 0-0 14. b3 Rfe8 15. Qe1 Qb8 16. Qf2 Bd8 17. Nc2 Bc7 18. g3 Qa8 19. b4 Bb8 20. Na4 b5 21. cxb5 axb5 22. Bxb5 Bc6 23. Qe2 Bxb5 24. Qxb5 Ne5 25. Ne1 Nxf3+ 26. Nxf3 Qxe4 27. Qd3 Rxc1 28. Bxc1 Qxb4 29. Qb3 Qg4 30. Kg2 e5 31. h3 Qh5 32. Rf1 d5 33. Nb6 e4 34. Nd4 Qe5 35. Bb2 e3 36. Ne2 Qe4+ 37. Rf3 Nh5 38. Qxd5 Qxd5 39. Nxd5 Rd8 40. Rxe3 Ba7 41. Rd3 Re8 42. Nef4 Nxf4+ 43. Nxf4 g5 44. Nh5 Rc8 45. Rd2 h6 46. Nf6+ Kf8 47. a4 Rc4 48. a5 Ke7 49. Rd7+ Ke6 50. Rxa7 Rc2+ 51. Kf3 Rxb2 52. Ng4 Rb3+ 53. Kg2 h5 54. Nf2 Ra3 55. a6 f5 56. Ra8 Kd7 57. a7 Kc7 58. Rh8 Rxa7 59. Rh7+ Kb6 60. Rxa7 Kxa7 61. Kf3 Kb6 62. h4 gxh4 63. gxh4 Kc5 64. Kf4 Kd6 65. Kxf5 Ke7 66. Kg5 Kf7 67. Kxh5 Kg7 68. Kg5 Kh7 69. h5 Kg7 70. h6+ Kh7 71. Ng4 Kh8 72. Kg6 Kg8 73. Ne5 1-0

[Event "World ol U16"]
[Site "Poprad"]
[Date "2016.07.27"]
[Round "7.2"]
[White "Nazarova, Anastasia"]
[Black "Hrymowicz, Artur"]
[Result "1/2-1/2"]
[WhiteElo "2032"]
[BlackElo "1744"]
[PlyCount "78"]
[EventDate "2016.07.22"]
[EventType "team-swiss"]
[EventRounds "9"]
[EventCountry "SVK"]
[SourceTitle "EXT 2017"]
[Source "ChessBase"]
[SourceDate "2016.10.25"]
[SourceVersion "1"]
[SourceVersionDate "2016.10.25"]
[SourceQuality "1"]
[WhiteTeam "Finland"]
[BlackTeam "Poland Warmia Mazury"]
[WhiteTeamCountry "FIN"]
[BlackTeamCountry "POL"]

1. e4 c5 2. Nf3 d6 3. c4 Nf6 4. Nc3 Nc6 5. d4 cxd4 6. Nxd4 g6 7. Be2 Nxd4 8. Qxd4 Bg7 9. Be3 0-0 10. Qd2 Be6 11. Rd1 Qa5 12. 0-0 Rfe8 13. Bd4 Rac8 14. b3 Nd7 15. Bxg7 Kxg7 16. f4 Nf6 17. Kh1 a6 18. Qe3 Qc5 19. Qg3 b5 20. f5 Bd7 21. Qf4 Bc6 22. Nd5 Bxd5 23. exd5 bxc4 24. Bxc4 a5 25. fxg6 hxg6 26. Rde1 Rc7 27. a4 Rf8 28. Qf3 Qd4 29. Re2 Rh8 30. h3 Rh5 31. Qf2 Qxf2 32. Rexf2 Re5 33. g4 Rc8 34. Kg2 Rf8 35. Rd2 Ne4 36. Re2 f5 37. Rf4 Nc3 38. Rd2 fxg4 39. Rxg4 Re3 1/2-1/2

[Event "World ol U16"]
[Site "Poprad"]
[Date "2016.07.25"]
[Round "5.2"]
[White "Sandor, Martin"]
[Black "Hrymowicz, Artur"]
[Result "0-1"]
[WhiteElo "1763"]
[BlackElo "1744"]
[PlyCount "50"]
[EventDate "2016.07.22"]
[EventType "team-swiss"]
[EventRounds "9"]
[EventCountry "SVK"]
[SourceTitle "EXT 2017"]
[Source "ChessBase"]
[SourceDate "2016.10.25"]
[SourceVersion "1"]
[SourceVersionDate "2016.10.25"]
[SourceQuality "1"]
[WhiteTeam "Slovakia BSZ"]
[BlackTeam "Poland Warmia Mazury"]
[WhiteTeamCountry "SVK"]
[BlackTeamCountry "POL"]

1. e4 c5 2. Nf3 d6 3. d4 cxd4 4. Nxd4 Nf6 5. Nc3 a6 6. f3 e6 7. Be3 Be7 8. Qd2 Qc7 9. Be2 b5 10. a3 Bb7 11. 0-0 Nbd7 12. Rfd1 0-0 13. Bf1 Rac8 14. Qf2 Ne5 15. Nde2 Nc4 16. Bc1 d5 17. Kh1 dxe4 18. Nxe4 Bxe4 19. fxe4 Ng4 20. Qg1 Bc5 21. Nd4 e5 22. c3 exd4 23. cxd4 Ba7 24. Rd3 Rfd8 25. b3 Rxd4 0-1

[Event "World ol U16"]
[Site "Poprad"]
[Date "2016.07.23"]
[Round "3.2"]
[White "Rogozenco, Teodora Nana"]
[Black "Hrymowicz, Artur"]
[Result "1-0"]
[WhiteElo "2044"]
[BlackElo "1744"]
[PlyCount "91"]
[EventDate "2016.07.22"]
[EventType "team-swiss"]
[EventRounds "9"]
[EventCountry "SVK"]
[SourceTitle "EXT 2017"]
[Source "ChessBase"]
[SourceDate "2016.10.25"]
[SourceVersion "1"]
[SourceVersionDate "2016.10.25"]
[SourceQuality "1"]
[WhiteTeam "Germany III"]
[BlackTeam "Poland Warmia Mazury"]
[WhiteTeamCountry "GER"]
[BlackTeamCountry "POL"]

1. d4 e6 2. c4 Nf6 3. Nc3 Bb4 4. Qc2 c5 5. dxc5 Bxc5 6. Nf3 Nc6 7. Bg5 0-0 8. e4 Be7 9. Be2 d5 10. cxd5 exd5 11. Bxf6 Bxf6 12. Nxd5 Qa5+ 13. Nd2 Be5 14. 0-0 Nd4 15. Qd1 Nxe2+ 16. Qxe2 Be6 17. Nc4 Qa6 18. Rfe1 Bd4 19. Rad1 Bc5 20. b3 Rac8 21. Rd3 Rfe8 22. Qd2 b5 23. Nce3 Qc6 24. Rd1 a6 25. Nf1 Qb7 26. Rg3 Kh8 27. Nf6 Be7 28. Nxe8 Rxe8 29. Qf4 Qc6 30. Rgd3 h6 31. Ne3 Bg5 32. Qf3 a5 33. Nd5 Qc8 34. h3 Qc2 35. Rc3 Qxa2 36. Nc7 Rc8 37. Nxe6 Rxc3 38. Qxc3 fxe6 39. Qc8+ Kh7 40. Qxe6 Qe2 41. Qf5+ Kh8 42. Rd7 Qe1+ 43. Kh2 Qb4 44. Ra7 Qd6+ 45. e5 Qd8 46. Qe4 1-0